Normal view
MARC view
- زلوم، عبد الحي واخرون؛مراجعة وتقديم:خالد الوزني
Entry Personal Name
001 - CONTROL NUMBER
- control field: 49614
003 - CONTROL NUMBER IDENTIFIER
- control field: JO-AjAnu
005 - DATE AND TIME OF LATEST TRANSACTION
- control field: 20230606082156.0
008 - FIXED-LENGTH DATA ELEMENTS
- fixed length control field: 230606|| aca||aabn | a|a d
040 ## - CATALOGING SOURCE
- Original cataloging agency: JO-AjAnu
- Transcribing agency: JO-AjAnu
100 ## - HEADING--PERSONAL NAME
- Personal name: زلوم، عبد الحي واخرون؛مراجعة وتقديم:خالد الوزني
670 ## - SOURCE DATA FOUND
- Source citation: Work cat.: (JO-AjAnu)25370: زلوم، عبد الحي واخرون؛مراجعة وتقديم:خالد الوزني, author, مستقبل الاقتصاد العربي بين النفط والاستثمار